000 02893nkm0a2200517 4500
001 RU\NLR\BIBL_A\022582159
005 20260130140740.0
035 _a(NLR Aleph) 022582159
090 _a89011
_c89011
100 _a20250708d1945 u y0rusy50 ca
101 0 _arus
102 _aRU
116 _aiiycxx bf ad
135 _acrcn 024anaba
181 0 _ab4
_bxb2e
182 0 _an
200 1 _aИл-10
_e[плакат]
_fхудожник Юрьев А. А.
_gотв. редактор Борисов Н. П.
203 _aИзображение
_bнеподвижное
_bдвухмерное
_bвизуальное
_cнепосредственное
210 _aЛенинград
_cЛенинградская военная воздушная академия
_d1945
_eЛенинград
_gТипо-литография ЛВВА КА
215 _a1 л.
_cхромолитогр.
_d57,5х81,5
300 _aВ вып. данных: Подписано к печати 26.4.45; Заказ № 436. Г30006
325 _aКопия доступна в Электрон. б-ке РНБ
327 0 _aНа обороте изобр. маслосистемы самолета P-39 Airacobra
606 1 _aПлакат инструктивный
_2nlr_sh2
_3RU\NLR\AUTH\6601761657
606 1 _aВеликая Отечественная война
_z1941 - 1945
_jПлакаты
_2nlr_sh1
_2nlr_sh2
_3RU\NLR\AUTH\668893
606 1 _aP-39 "Аэрокобра", истребители
_jПлакаты
_2nlr_sh2
_3RU\NLR\AUTH\661517592
606 1 _aИл-10, штурмовики
_jПлакаты
_2nlr_sh2
_3RU\NLR\AUTH\661413044
686 _aЩ150.466
700 1 _aЮрьев
_bА. А.
_4040
712 0 2 _aЛенинградская военно-воздушная академия Красной Армии
_3RU\NLR\AUTH\880638013
_4650
712 0 2 _aЛенинградская военно-воздушная академия Красной Армии
_bТиполитография
_3RU\NLR\AUTH\880638015
_4610
712 0 2 _aВоенный инженерный институт им. А. Ф. Можайского
_cЛенинград
_3RU\NLR\AUTH\8810292
_4650
852 0 0 _aNLR
_bЭ
_jНпТх920/6-97
_mЭ052985
856 0 _uhttps://vivaldi.nlr.ru/la000071006/view
856 1 _uhttps://vivaldi.nlr.ru/la000071006/cover
856 2 _uhttps://vivaldi.nlr.ru/la000071006/text
901 _eИзографические материалы
942 _cVISUAL
945 _aРоссийская национальная библиотека
980 _aBV
980 _aNB
981 1 7 _a(17) Изографические материалы
_b(17) Плакаты